| 000 | 00348pab a2200145 454500 | ||
|---|---|---|---|
| 008 | 180718b2005 xxu||||| |||| 00| 0 eng d | ||
| 100 | _aChakraborty, S.K. | ||
| 245 | _aEthics: light from the golden quarter | ||
| 260 | _c2005 | ||
| 300 | _ap.1-8. | ||
| 362 | _aJan-Jun | ||
| 650 | _aEthics | ||
| 773 | _aJournal of Human Values | ||
| 909 | _a65448 | ||
| 999 |
_c65448 _d65448 |
||